Alabama blast furnaces

Bibliographic Details
Main Author: Woodward, Joseph H., 1912-1965.
Corporate Author: ProQuest (Firm)
Format: Electronic eBook
Language:English
Published: Tuscaloosa : University of Alabama Press, c2007.
Series:Library of Alabama classics.
Subjects:
Online Access:Click to View
LEADER 01538nam a2200409 a 4500
001 EBC438126
003 MiAaPQ
005 20200520144314.0
006 m o d |
007 cr cn|||||||||
008 070423r20071940alua s 001 0 eng
010 |z  2007017008 
020 |z 9780817354329 (pbk. : alk. paper) 
020 |z 0817354328 (pbk. : alk. paper) 
035 |a (MiAaPQ)EBC438126 
035 |a (Au-PeEL)EBL438126 
035 |a (CaPaEBR)ebr10387758 
035 |a (OCoLC)183306367 
040 |a MiAaPQ  |c MiAaPQ  |d MiAaPQ 
043 |a n-us-al 
050 4 |a TN713  |b .W66 2007 
082 0 4 |a 669/.141309761  |2 22 
100 1 |a Woodward, Joseph H.,  |d 1912-1965. 
245 1 0 |a Alabama blast furnaces  |h [electronic resource] /  |c Joseph H. Woodward, II ; new introduction by James R. Bennett. 
260 |a Tuscaloosa :  |b University of Alabama Press,  |c c2007. 
300 |a 162 p. :  |b ill. 
490 1 |a Library of Alabama classics 
500 |a Originally published: Woodward, Ala. : Woodward Iron Co., c1940. 
500 |a Includes index. 
533 |a Electronic reproduction. Ann Arbor, MI : ProQuest, 2015. Available via World Wide Web. Access may be limited to ProQuest affiliated libraries. 
650 0 |a Blast furnaces  |z Alabama. 
650 0 |a Cast-iron  |z Alabama. 
650 0 |a Iron industry and trade  |z Alabama. 
655 4 |a Electronic books. 
710 2 |a ProQuest (Firm) 
830 0 |a Library of Alabama classics. 
856 4 0 |u https://ebookcentral.proquest.com/lib/matrademy/detail.action?docID=438126  |z Click to View